000 00423nam a2200169Ia 4500
005 20250423095728.0
008 250422s9999 xx 000 0 und d
020 _a978-0-19-441621-4
100 _aLawrence J. Zwier
245 0 _aInside Reading: The Academic Word List in Context 2
260 _aNew York
260 _bOxford University Press
260 _c2009
300 _a22 p
650 _aEnglish
942 _cBK
999 _c31151
_d31151